Statistics for Maya Hawke - River Like You (Lyrics)

Click here to take the quiz!

General Stats

  • This quiz has been taken 6 times
  • The average score is 134 of 177

Answer Stats

Answer% Correct
a
100%
be
100%
before
100%
I
100%
I've
100%
like
100%
loved
100%
me
100%
my
100%
on
100%
river
100%
you
100%
You
100%
And
80%
and
80%
away
80%
can
80%
He
80%
if
80%
If
80%
I'm
80%
one
80%
So
80%
The
80%
the
80%
to
80%
too
80%
When
80%
your
80%
belly
60%
blame
60%
can't
60%
cleverness
60%
could
60%
doubt
60%
eyes
60%
happy,
60%
I'll
60%
into
60%
mouth
60%
opened
60%
out
60%
run
60%
rushed
60%
somehow
60%
sorrow
60%
surprise
60%
swallow
60%
wanted
60%
water
60%
which
60%
would
60%
deep
40%
hallowed
40%
kind
40%
name
40%
only
40%
over
40%
rise
40%
saw
40%
scare
40%
tamed
40%
thundering
40%
were
40%
Clouded
20%
learned
20%
never
20%
rocks
20%
turn
20%
up
20%
washed
20%
clay
0%
molded
0%
moss
0%
red
0%
wise
0%

Score Distribution

Percentile by Number Answered

Percent of People with Each Score

Your Score History

You have not taken this quiz